| 000 | 00677nam a2200121Ia 4500 | ||
|---|---|---|---|
| 008 | 220621s9999||||xx |||||||||||||| ||und|| | ||
| 100 | _aCarlström, Eric | ||
| 245 | 0 |
_aChapter 19 Samhandling During Crisis Work _bA Three-Level Model |
|
| 546 | _aEnglish[eng] | ||
| 650 | _aSamhandling||interaction||inter-organizational exercise||High Reliability Organizations||preparedness||organizational learning||unforeseen | ||
| 856 | _uhttps://library.oapen.org/bitstream/20.500.12657/28302/1/Interaction_ch19.pdf||https://library.oapen.org/bitstream/20.500.12657/28302/1/Interaction_ch19.pdf||https://library.oapen.org/bitstream/20.500.12657/28302/1/Interaction_ch19.pdf | ||
| 942 | _cEB | ||
| 999 |
_c36252 _d36252 |
||